000 00311nam a2200133Ia 4500
001 8919
003 GE_BSU
008 181216s||||||||xx |||||||||||||| ||und||
040 _cGE_BSU
245 4 _aThe Economist, february 22ND-28th 2014
245 _bNumber 8875.Volume 410
653 _aThe Economist
942 _cCR
999 _c42224
_d42224